Pactos multilaterales interamericanos /
Na minha lista:
| Autor principal: | |
|---|---|
| Outros Autores: | |
| Formato: | Texto |
| Publicado em: |
Guatemala:
s.e.
|
| Tags: |
Adicionar Tag
Sem tags, seja o primeiro a adicionar uma tag!
|
MARC
| LEADER | 00000 a a2200000 04500 | ||
|---|---|---|---|
| 001 | 24553 | ||
| 003 | |||
| 040 | |||
| 090 | |a 176400 | ||
| 100 | |a Mendoza, José Luis | ||
| 245 | |a Pactos multilaterales interamericanos / |c José Luis Mendoza | ||
| 260 | |a Guatemala: |b s.e. | ||
| 500 | |a Suscrita en la IX conferencia internacional Américana en Bogotá, el 30 de abril de 1955 | ||
| 700 | |a comp. | ||
| 999 | |c 8896 |d 8896 | ||
